000 00682nam a2200265Ia 4500
005 20260302113836.0
008 008 260114s9999 xx 000 0 eng d
020 _a9781805014300
037 _aTextbook
040 _aCRL
040 _beng
040 _cCRL
041 _2eng
041 _aeng
084 _qCRL
100 _aTony Attwood, author
_91116968
245 4 _aThe Complete Guide to Asperger’s Syndrome
260 _bBloomsbury
260 _bJessica Kingsley Publishers
260 _c2007
650 _aPsychology
856 _uhttps://doi.org/10.5040/9781805014300?locatt=label:secondary_jkplibrary
942 _cEBOOK
999 _c1680435
_d1680435